<?xml version="1.0" encoding="UTF-8"?>
<record
    xmlns:xsi="http://www.w3.org/2001/XMLSchema-instance"
    xsi:schemaLocation="http://www.loc.gov/MARC21/slim http://www.loc.gov/standards/marcxml/schema/MARC21slim.xsd"
    xmlns="http://www.loc.gov/MARC21/slim">

  <leader>00950cam a2200265 i 4500</leader>
  <datafield tag="999" ind1=" " ind2=" ">
    <subfield code="c">30965</subfield>
    <subfield code="d">30965</subfield>
  </datafield>
  <controlfield tag="001">20649806</controlfield>
  <controlfield tag="005">20210309091450.0</controlfield>
  <controlfield tag="008">180829s2018    ke       b    000 0 eng  </controlfield>
  <datafield tag="010" ind1=" " ind2=" ">
    <subfield code="a">  2018354555</subfield>
  </datafield>
  <datafield tag="020" ind1=" " ind2=" ">
    <subfield code="a">9789966028815</subfield>
  </datafield>
  <datafield tag="040" ind1=" " ind2=" ">
    <subfield code="a">DLC</subfield>
    <subfield code="b">eng</subfield>
    <subfield code="e">rda</subfield>
    <subfield code="c">DLC</subfield>
  </datafield>
  <datafield tag="042" ind1=" " ind2=" ">
    <subfield code="a">lcode</subfield>
    <subfield code="a">pcc</subfield>
  </datafield>
  <datafield tag="043" ind1=" " ind2=" ">
    <subfield code="a">f-ke---</subfield>
  </datafield>
  <datafield tag="050" ind1="0" ind2="0">
    <subfield code="a">HQ1236.5.K4</subfield>
    <subfield code="b">W44 2018</subfield>
  </datafield>
  <datafield tag="245" ind1="0" ind2="0">
    <subfield code="a">Where women are :</subfield>
    <subfield code="b">gender &amp; the 2017 Kenyan elections /</subfield>
    <subfield code="c">edited by: Nanjala Nyabola, Marie-Emmanuelle Pommerolle.</subfield>
  </datafield>
  <datafield tag="260" ind1=" " ind2=" ">
    <subfield code="a">Nairobi :</subfield>
    <subfield code="b">Twaweza Communications LTD</subfield>
    <subfield code="c">2017</subfield>
  </datafield>
  <datafield tag="300" ind1=" " ind2=" ">
    <subfield code="a">208 pages ;</subfield>
    <subfield code="c">21 cm</subfield>
  </datafield>
  <datafield tag="504" ind1=" " ind2=" ">
    <subfield code="a">Includes bibliographical references.</subfield>
  </datafield>
  <datafield tag="650" ind1=" " ind2="0">
    <subfield code="a">Women</subfield>
    <subfield code="x">Political activity</subfield>
    <subfield code="z">Kenya.</subfield>
  </datafield>
  <datafield tag="700" ind1="1" ind2=" ">
    <subfield code="a">Nyabola, Nanjala,</subfield>
    <subfield code="e">editor.</subfield>
  </datafield>
  <datafield tag="700" ind1="1" ind2=" ">
    <subfield code="a">Pommerolle, Marie-Emmanuelle,</subfield>
    <subfield code="e">editor.</subfield>
  </datafield>
  <datafield tag="906" ind1=" " ind2=" ">
    <subfield code="a">7</subfield>
    <subfield code="b">cbc</subfield>
    <subfield code="c">lcode</subfield>
    <subfield code="d">3</subfield>
    <subfield code="e">ncip</subfield>
    <subfield code="f">20</subfield>
    <subfield code="g">y-gencatlg</subfield>
  </datafield>
  <datafield tag="942" ind1=" " ind2=" ">
    <subfield code="2">lcc</subfield>
    <subfield code="c">BOOKS</subfield>
    <subfield code="h">HQ1236.5.K4W44 2018</subfield>
  </datafield>
  <datafield tag="952" ind1=" " ind2=" ">
    <subfield code="0">0</subfield>
    <subfield code="1">0</subfield>
    <subfield code="2">lcc</subfield>
    <subfield code="4">0</subfield>
    <subfield code="7">0</subfield>
    <subfield code="a">MUC</subfield>
    <subfield code="b">MUC</subfield>
    <subfield code="c">AFR</subfield>
    <subfield code="d">2021-03-09</subfield>
    <subfield code="e">Donations From Vice Chancellor</subfield>
    <subfield code="l">0</subfield>
    <subfield code="o"> AFR HQ1236.5.K4W44 2018</subfield>
    <subfield code="p">23605</subfield>
    <subfield code="r">2021-03-09</subfield>
    <subfield code="v">1200.00</subfield>
    <subfield code="w">2021-03-09</subfield>
    <subfield code="y">BOOKS</subfield>
  </datafield>
  <datafield tag="952" ind1=" " ind2=" ">
    <subfield code="0">0</subfield>
    <subfield code="1">0</subfield>
    <subfield code="2">lcc</subfield>
    <subfield code="4">0</subfield>
    <subfield code="7">0</subfield>
    <subfield code="a">MUC</subfield>
    <subfield code="b">MUC</subfield>
    <subfield code="c">AFR</subfield>
    <subfield code="d">2021-03-09</subfield>
    <subfield code="e">Donations From Vice Chancellor</subfield>
    <subfield code="l">0</subfield>
    <subfield code="o">AFR HQ1236.5.K4W44 2018</subfield>
    <subfield code="p">23606</subfield>
    <subfield code="r">2021-03-09</subfield>
    <subfield code="v">1200.00</subfield>
    <subfield code="w">2021-03-09</subfield>
    <subfield code="y">BOOKS</subfield>
  </datafield>
  <datafield tag="952" ind1=" " ind2=" ">
    <subfield code="0">0</subfield>
    <subfield code="1">0</subfield>
    <subfield code="2">lcc</subfield>
    <subfield code="4">0</subfield>
    <subfield code="7">0</subfield>
    <subfield code="a">MUC</subfield>
    <subfield code="b">MUC</subfield>
    <subfield code="c">AFR</subfield>
    <subfield code="d">2021-03-09</subfield>
    <subfield code="e">Donations From Vice Chancellor</subfield>
    <subfield code="l">0</subfield>
    <subfield code="o">AFR HQ1236.5.K4W44 2018</subfield>
    <subfield code="p">23607</subfield>
    <subfield code="r">2021-03-09</subfield>
    <subfield code="v">1200.00</subfield>
    <subfield code="w">2021-03-09</subfield>
    <subfield code="y">BOOKS</subfield>
  </datafield>
  <datafield tag="952" ind1=" " ind2=" ">
    <subfield code="0">0</subfield>
    <subfield code="1">0</subfield>
    <subfield code="2">lcc</subfield>
    <subfield code="4">0</subfield>
    <subfield code="7">0</subfield>
    <subfield code="a">MUC</subfield>
    <subfield code="b">MUC</subfield>
    <subfield code="c">AFR</subfield>
    <subfield code="d">2021-03-09</subfield>
    <subfield code="e">Donations From Vice Chancellor</subfield>
    <subfield code="l">0</subfield>
    <subfield code="o">AFR HQ1236.5.K4W44 2018</subfield>
    <subfield code="p">23608</subfield>
    <subfield code="r">2021-03-09</subfield>
    <subfield code="v">1200.00</subfield>
    <subfield code="w">2021-03-09</subfield>
    <subfield code="y">BOOKS</subfield>
  </datafield>
  <datafield tag="952" ind1=" " ind2=" ">
    <subfield code="0">0</subfield>
    <subfield code="1">0</subfield>
    <subfield code="2">lcc</subfield>
    <subfield code="4">0</subfield>
    <subfield code="7">0</subfield>
    <subfield code="a">MUC</subfield>
    <subfield code="b">MUC</subfield>
    <subfield code="c">AFR</subfield>
    <subfield code="d">2021-03-09</subfield>
    <subfield code="e">Donations From Vice Chancellor</subfield>
    <subfield code="l">0</subfield>
    <subfield code="o">AFR HQ1236.5.K4W44 2018</subfield>
    <subfield code="p">23609</subfield>
    <subfield code="r">2021-03-09</subfield>
    <subfield code="v">1200.00</subfield>
    <subfield code="w">2021-03-09</subfield>
    <subfield code="y">BOOKS</subfield>
  </datafield>
  <datafield tag="952" ind1=" " ind2=" ">
    <subfield code="0">0</subfield>
    <subfield code="1">0</subfield>
    <subfield code="2">lcc</subfield>
    <subfield code="4">0</subfield>
    <subfield code="7">0</subfield>
    <subfield code="a">MUC</subfield>
    <subfield code="b">MUC</subfield>
    <subfield code="c">AFR</subfield>
    <subfield code="d">2021-03-09</subfield>
    <subfield code="e">Donations From Vice Chancellor</subfield>
    <subfield code="l">0</subfield>
    <subfield code="o">AFR  HQ1236.5.K4W44 2018</subfield>
    <subfield code="p">23610</subfield>
    <subfield code="r">2021-03-09</subfield>
    <subfield code="v">1200.00</subfield>
    <subfield code="w">2021-03-09</subfield>
    <subfield code="y">BOOKS</subfield>
  </datafield>
  <datafield tag="952" ind1=" " ind2=" ">
    <subfield code="0">0</subfield>
    <subfield code="1">0</subfield>
    <subfield code="2">lcc</subfield>
    <subfield code="4">0</subfield>
    <subfield code="7">0</subfield>
    <subfield code="a">MUC</subfield>
    <subfield code="b">MUC</subfield>
    <subfield code="c">AFR</subfield>
    <subfield code="d">2021-03-09</subfield>
    <subfield code="e">Donations From Vice Chancellor</subfield>
    <subfield code="l">0</subfield>
    <subfield code="o">AFR HQ1236.5.K4W44 2018</subfield>
    <subfield code="p">23611</subfield>
    <subfield code="r">2021-03-09</subfield>
    <subfield code="v">1200.00</subfield>
    <subfield code="w">2021-03-09</subfield>
    <subfield code="y">BOOKS</subfield>
  </datafield>
  <datafield tag="952" ind1=" " ind2=" ">
    <subfield code="0">0</subfield>
    <subfield code="1">0</subfield>
    <subfield code="2">lcc</subfield>
    <subfield code="4">0</subfield>
    <subfield code="7">0</subfield>
    <subfield code="a">MUC</subfield>
    <subfield code="b">MUC</subfield>
    <subfield code="c">AFR</subfield>
    <subfield code="d">2021-03-09</subfield>
    <subfield code="e">Donations From Vice Chancellor</subfield>
    <subfield code="l">0</subfield>
    <subfield code="o">HQ1236.5.K4W44 2018</subfield>
    <subfield code="p">23612</subfield>
    <subfield code="r">2021-03-09</subfield>
    <subfield code="v">1200.00</subfield>
    <subfield code="w">2021-03-09</subfield>
    <subfield code="y">BOOKS</subfield>
  </datafield>
  <datafield tag="952" ind1=" " ind2=" ">
    <subfield code="0">0</subfield>
    <subfield code="1">0</subfield>
    <subfield code="2">lcc</subfield>
    <subfield code="4">0</subfield>
    <subfield code="7">0</subfield>
    <subfield code="a">MUC</subfield>
    <subfield code="b">MUC</subfield>
    <subfield code="c">AFR</subfield>
    <subfield code="d">2021-03-09</subfield>
    <subfield code="e">Donations From Vice Chancellor</subfield>
    <subfield code="l">0</subfield>
    <subfield code="o">HQ1236.5.K4W44 2018</subfield>
    <subfield code="p">23613</subfield>
    <subfield code="r">2021-03-09</subfield>
    <subfield code="v">1200.00</subfield>
    <subfield code="w">2021-03-09</subfield>
    <subfield code="y">BOOKS</subfield>
  </datafield>
  <datafield tag="952" ind1=" " ind2=" ">
    <subfield code="0">0</subfield>
    <subfield code="1">0</subfield>
    <subfield code="2">lcc</subfield>
    <subfield code="4">0</subfield>
    <subfield code="7">0</subfield>
    <subfield code="a">MUC</subfield>
    <subfield code="b">MUC</subfield>
    <subfield code="c">AFR</subfield>
    <subfield code="d">2021-03-09</subfield>
    <subfield code="e">Donations From Vice Chancellor</subfield>
    <subfield code="l">0</subfield>
    <subfield code="o">HQ1236.5.K4W44 2018</subfield>
    <subfield code="p">23614</subfield>
    <subfield code="r">2021-03-09</subfield>
    <subfield code="v">1200.00</subfield>
    <subfield code="w">2021-03-09</subfield>
    <subfield code="y">BOOKS</subfield>
  </datafield>
  <datafield tag="952" ind1=" " ind2=" ">
    <subfield code="0">0</subfield>
    <subfield code="1">0</subfield>
    <subfield code="2">lcc</subfield>
    <subfield code="4">0</subfield>
    <subfield code="7">0</subfield>
    <subfield code="a">MUC</subfield>
    <subfield code="b">MUC</subfield>
    <subfield code="c">AFR</subfield>
    <subfield code="d">2021-03-09</subfield>
    <subfield code="e">Donations From Vice Chancellor</subfield>
    <subfield code="l">0</subfield>
    <subfield code="o">HQ1236.5.K4W44 2018</subfield>
    <subfield code="p">23615</subfield>
    <subfield code="r">2021-03-09</subfield>
    <subfield code="v">1200.00</subfield>
    <subfield code="w">2021-03-09</subfield>
    <subfield code="y">BOOKS</subfield>
  </datafield>
  <datafield tag="952" ind1=" " ind2=" ">
    <subfield code="0">0</subfield>
    <subfield code="1">0</subfield>
    <subfield code="2">lcc</subfield>
    <subfield code="4">0</subfield>
    <subfield code="7">0</subfield>
    <subfield code="a">MUC</subfield>
    <subfield code="b">MUC</subfield>
    <subfield code="c">AFR</subfield>
    <subfield code="d">2021-03-09</subfield>
    <subfield code="e">Donations From Vice Chancellor</subfield>
    <subfield code="l">0</subfield>
    <subfield code="o">HQ1236.5.K4W44 2018</subfield>
    <subfield code="p">23616</subfield>
    <subfield code="r">2021-03-09</subfield>
    <subfield code="v">1200.00</subfield>
    <subfield code="w">2021-03-09</subfield>
    <subfield code="y">BOOKS</subfield>
  </datafield>
  <datafield tag="952" ind1=" " ind2=" ">
    <subfield code="0">0</subfield>
    <subfield code="1">0</subfield>
    <subfield code="2">lcc</subfield>
    <subfield code="4">0</subfield>
    <subfield code="7">0</subfield>
    <subfield code="a">MUC</subfield>
    <subfield code="b">MUC</subfield>
    <subfield code="c">AFR</subfield>
    <subfield code="d">2021-03-09</subfield>
    <subfield code="e">Donations From Vice Chancellor</subfield>
    <subfield code="l">0</subfield>
    <subfield code="o">HQ1236.5.K4W44 2018</subfield>
    <subfield code="p">23617</subfield>
    <subfield code="r">2021-03-09</subfield>
    <subfield code="v">1200.00</subfield>
    <subfield code="w">2021-03-09</subfield>
    <subfield code="y">BOOKS</subfield>
  </datafield>
  <datafield tag="952" ind1=" " ind2=" ">
    <subfield code="0">0</subfield>
    <subfield code="1">0</subfield>
    <subfield code="2">lcc</subfield>
    <subfield code="4">0</subfield>
    <subfield code="7">0</subfield>
    <subfield code="a">MUC</subfield>
    <subfield code="b">MUC</subfield>
    <subfield code="c">AFR</subfield>
    <subfield code="d">2021-03-09</subfield>
    <subfield code="e">Donations From Vice Chancellor</subfield>
    <subfield code="l">1</subfield>
    <subfield code="o">HQ1236.5.K4W44 2018</subfield>
    <subfield code="p">23618</subfield>
    <subfield code="r">2021-06-14</subfield>
    <subfield code="s">2021-06-10</subfield>
    <subfield code="v">1200.00</subfield>
    <subfield code="w">2021-03-09</subfield>
    <subfield code="y">BOOKS</subfield>
  </datafield>
  <datafield tag="952" ind1=" " ind2=" ">
    <subfield code="0">0</subfield>
    <subfield code="1">0</subfield>
    <subfield code="2">lcc</subfield>
    <subfield code="4">0</subfield>
    <subfield code="7">0</subfield>
    <subfield code="a">MUC</subfield>
    <subfield code="b">MUC</subfield>
    <subfield code="c">AFR</subfield>
    <subfield code="d">2021-03-09</subfield>
    <subfield code="e">Donations From Vice Chancellor</subfield>
    <subfield code="l">0</subfield>
    <subfield code="o">HQ1236.5.K4W44 2018</subfield>
    <subfield code="p">23619</subfield>
    <subfield code="r">2021-03-09</subfield>
    <subfield code="v">1200.00</subfield>
    <subfield code="w">2021-03-09</subfield>
    <subfield code="y">BOOKS</subfield>
  </datafield>
  <datafield tag="952" ind1=" " ind2=" ">
    <subfield code="0">0</subfield>
    <subfield code="1">0</subfield>
    <subfield code="2">lcc</subfield>
    <subfield code="4">0</subfield>
    <subfield code="7">0</subfield>
    <subfield code="a">MUC</subfield>
    <subfield code="b">MUC</subfield>
    <subfield code="c">AFR</subfield>
    <subfield code="d">2021-03-09</subfield>
    <subfield code="e">Donations From Vice Chancellor</subfield>
    <subfield code="l">0</subfield>
    <subfield code="o">HQ1236.5.K4W44 2018</subfield>
    <subfield code="p">23620</subfield>
    <subfield code="r">2021-03-09</subfield>
    <subfield code="v">1200.00</subfield>
    <subfield code="w">2021-03-09</subfield>
    <subfield code="y">BOOKS</subfield>
  </datafield>
  <datafield tag="952" ind1=" " ind2=" ">
    <subfield code="0">0</subfield>
    <subfield code="1">0</subfield>
    <subfield code="2">lcc</subfield>
    <subfield code="4">0</subfield>
    <subfield code="7">0</subfield>
    <subfield code="a">MUC</subfield>
    <subfield code="b">MUC</subfield>
    <subfield code="c">AFR</subfield>
    <subfield code="d">2021-03-09</subfield>
    <subfield code="e">Donations From Vice Chancellor</subfield>
    <subfield code="l">0</subfield>
    <subfield code="o">HQ1236.5.K4W44 2018</subfield>
    <subfield code="p">23621</subfield>
    <subfield code="r">2021-03-09</subfield>
    <subfield code="v">1200.00</subfield>
    <subfield code="w">2021-03-09</subfield>
    <subfield code="y">BOOKS</subfield>
  </datafield>
  <datafield tag="952" ind1=" " ind2=" ">
    <subfield code="0">0</subfield>
    <subfield code="1">0</subfield>
    <subfield code="2">lcc</subfield>
    <subfield code="4">0</subfield>
    <subfield code="7">0</subfield>
    <subfield code="a">MUC</subfield>
    <subfield code="b">MUC</subfield>
    <subfield code="c">AFR</subfield>
    <subfield code="d">2021-03-09</subfield>
    <subfield code="e">Donations From Vice Chancellor</subfield>
    <subfield code="l">0</subfield>
    <subfield code="o">HQ1236.5.K4W44 2018</subfield>
    <subfield code="p">23622</subfield>
    <subfield code="r">2021-03-09</subfield>
    <subfield code="v">1200.00</subfield>
    <subfield code="w">2021-03-09</subfield>
    <subfield code="y">BOOKS</subfield>
  </datafield>
  <datafield tag="952" ind1=" " ind2=" ">
    <subfield code="0">0</subfield>
    <subfield code="1">0</subfield>
    <subfield code="2">lcc</subfield>
    <subfield code="4">0</subfield>
    <subfield code="7">0</subfield>
    <subfield code="a">MUC</subfield>
    <subfield code="b">MUC</subfield>
    <subfield code="c">AFR</subfield>
    <subfield code="d">2021-03-09</subfield>
    <subfield code="e">Donations From Vice Chancellor</subfield>
    <subfield code="l">0</subfield>
    <subfield code="o">HQ1236.5.K4W44 2018</subfield>
    <subfield code="p">23623</subfield>
    <subfield code="r">2021-03-09</subfield>
    <subfield code="v">1200.00</subfield>
    <subfield code="w">2021-03-09</subfield>
    <subfield code="y">BOOKS</subfield>
  </datafield>
  <datafield tag="952" ind1=" " ind2=" ">
    <subfield code="0">0</subfield>
    <subfield code="1">0</subfield>
    <subfield code="2">lcc</subfield>
    <subfield code="4">0</subfield>
    <subfield code="7">0</subfield>
    <subfield code="a">MUC</subfield>
    <subfield code="b">MUC</subfield>
    <subfield code="c">AFR</subfield>
    <subfield code="d">2021-03-09</subfield>
    <subfield code="e">Donations From Vice Chancellor</subfield>
    <subfield code="l">0</subfield>
    <subfield code="o">HQ1236.5.K4W44 2018</subfield>
    <subfield code="p">23604</subfield>
    <subfield code="r">2021-03-09</subfield>
    <subfield code="v">1200.00</subfield>
    <subfield code="w">2021-03-09</subfield>
    <subfield code="y">BOOKS</subfield>
  </datafield>
</record>
